Pocket guide to micronutrients in health and disease / (رقم التسجيلة. 21852)

تفاصيل مارك
000 -الفاتح
حقل البيانات ثابتة الطول 01606cam a22004094a 4500
001 - رقم الضبط
رقم الضبط 12228625
003 - محدد رقم الضبط
رقم الضبط OSt
005 - وقت وتاريخ اخر تعامل مع التسجيلة
رقم الضبط 20150408114018.0
008 - عناصر البيانات ثابتة الطول - معلومات عامة
حقل البيانات ثابتة الطول 001109s2001 gw bf 001 0 eng c
010 ## - رقم ضبط مكتبة الكونجرس
رقم ضبط مكتبة الكونجرس 00066594
020 ## - الرقم الدولى المعيارى للكتب
الرقم الدولى المعيارى للكتاب 3131279419 (GTV)
020 ## - الرقم الدولى المعيارى للكتب
الرقم الدولى المعيارى للكتاب 1588900436 (TNY)
035 ## - رقم ضبط النظام
رقم ضبط النظام (DNLM)100970867
040 ## - مصدر الفهرسة
وكالة الفهرسة الأصلية DNLM/DLC
وكالة النسخ DLC
وكالة التعديل DLC
041 1# - رمز اللغة
رمز لغة النص/ المسارات الصوتية أو العنوان الانفرادي eng
رمز لغة الترجمات و/او الاصلية المتوسطة للنص ger
042 ## - رمز التحقق
رمز التحقق pcc
050 00 - رقم طلب مكتبة الكونجرس
رقم التصنيف RM258.5
رقم المادة .Z5513 2001
060 10 - رقم الطلب بالمكتبة الطبية الوطنية
رقم التصنيف QU 39
رقم المادة Z75b 2001a
082 00 - رقم تصنيف ديوى العشرى
رقم التصنيف 612.39
رقم الطبعة 21
100 1# - المدخل الرئيسى - إسم شخصى
الإسم الشخصى Zimmermann, Michael,
العنوان والكلمات الأخرى المصاحبة للاسم M.D.
9 (RLIN) 11370
240 10 - العنوان الموحد
عنوان موحد <a href="Bürgersteins Mikronährstoffe in der Medizin.">Bürgersteins Mikronährstoffe in der Medizin.</a>
لغة العمل English
245 10 - بيان العنوان
العنوان Pocket guide to micronutrients in health and disease /
بيان المسئوليه,etc Michael Zimmermann.
246 30 - العنوان الموازى
عنوان صحيح/عنوان مختصر Micronutrients in health and disease
260 ## - PUBLICATION, DISTRIBUTION, ETC. (IMPRINT)
مكان الناشر او الموزع Stuttgart ;
-- New York :
اسم الناشر او الموزع Thieme,
تاريخ النشر أو التوزيع 2001.
300 ## - الوصف المادى
التعداد viii, 240 p. ;
أبعاد الوعاء 19 cm.
504 ## - تبصرة ببليوجرافية
تبصرة ببليوجرافية,الخ Includes bibliographical references and index.
650 #0 - المدخل الاضافى بالموضوع-مصطلح موضوعى
مصطلح موضوعي أو اسم جغرافي كعنصر مدخل Dietary supplements
التقسيم الفرعي الشكلي Handbooks, manuals, etc.
9 (RLIN) 11371
650 #0 - المدخل الاضافى بالموضوع-مصطلح موضوعى
مصطلح موضوعي أو اسم جغرافي كعنصر مدخل Trace elements in nutrition
التقسيم الفرعي الشكلي Handbooks, manuals, etc.
9 (RLIN) 11372
650 #0 - المدخل الاضافى بالموضوع-مصطلح موضوعى
مصطلح موضوعي أو اسم جغرافي كعنصر مدخل Vitamins in human nutrition
التقسيم الفرعي الشكلي Handbooks, manuals, etc.
9 (RLIN) 11373
650 #0 - المدخل الاضافى بالموضوع-مصطلح موضوعى
مصطلح موضوعي أو اسم جغرافي كعنصر مدخل Amino acids in human nutrition
التقسيم الفرعي الشكلي Handbooks, manuals, etc.
9 (RLIN) 11374
650 12 - المدخل الاضافى بالموضوع-مصطلح موضوعى
مصطلح موضوعي أو اسم جغرافي كعنصر مدخل Micronutrients
التقسيم الفرعي الشكلي Handbooks.
9 (RLIN) 11375
650 22 - المدخل الاضافى بالموضوع-مصطلح موضوعى
مصطلح موضوعي أو اسم جغرافي كعنصر مدخل Health Promotion
التقسيم الفرعي الشكلي Handbooks.
9 (RLIN) 11376
650 22 - المدخل الاضافى بالموضوع-مصطلح موضوعى
مصطلح موضوعي أو اسم جغرافي كعنصر مدخل Nutritive Value
التقسيم الفرعي الشكلي Handbooks.
9 (RLIN) 11377
942 ## - عناصر المدخل الإضافي( كوها)
مصدر التصنيف او مخطط الترفيف Dewey Decimal Classification
Koha [default] item type كتاب
المقتنيات
حالة الفقد نموذج السعر الفعال حالة تلف ليس للاعارة رقم الطلب تاريخ الاكتساب الموقع الحالي الباركود الفرع الرئيسي Date last seen نوع المادة فى نظام كوها مصدر التصنيف او خطة الترفيف Total Checkouts Date last checked out
  2013-03-10     612.39 Z M P 2012-04-18 مكتبة كلية العلوم الطبية التطبيقية بالمجمعة - طالبات (AMF) 00084048 مكتبة كلية العلوم الطبية التطبيقية بالمجمعة - طالبات (AMF) 2017-10-17 كتاب Dewey Decimal Classification    
  2013-03-10     612.39 Z M P 2012-04-18 مكتبة كلية العلوم الطبية التطبيقية بالمجمعة - طالبات (AMF) 00084050 مكتبة كلية العلوم الطبية التطبيقية بالمجمعة - طالبات (AMF) 2013-03-10 كتاب Dewey Decimal Classification    
  2013-03-10     612.39 Z M P 2012-04-18 مكتبة كلية العلوم الطبية التطبيقية بالمجمعة - طالبات (AMF) 00084051 مكتبة كلية العلوم الطبية التطبيقية بالمجمعة - طالبات (AMF) 2018-11-15 كتاب Dewey Decimal Classification 1 2018-11-04
  2013-03-10     612.39 Z M P 2012-04-18 مكتبة كلية العلوم الطبية التطبيقية بالمجمعة - طالبات (AMF) 00084049 مكتبة كلية العلوم الطبية التطبيقية بالمجمعة - طالبات (AMF) 2018-11-13 كتاب Dewey Decimal Classification 1 2018-11-01